书目信息 |
| 题名: |
玉荷隱語
|
|
| 作者: | 费源, 撰 | |
| 分册: | ||
| 出版信息: | 成都 四川大学出版社 2017 |
|
| 页数: | 444页 | |
| 开本: | 30cm | |
| 丛书名: | ||
| 单 册: | ||
| 中图分类: | I276.8 | |
| 科图分类: | ||
| 主题词: | 谜语--mi yu--中国--清代--作品集 | |
| 电子资源: | ||
| ISBN: | 978-7-5690-0859-3 | |
| 000 | 01018nam0 2200301 450 | |
| 001 | 012001008302 | |
| 005 | 20131022143213.0 | |
| 010 | @a978-7-5690-0859-3@b精装@dCNY498.00 | |
| 099 | @aCAL 012017156713 | |
| 100 | @a20171027d2017 em y0chiy50 ea | |
| 101 | 0 | @achi |
| 102 | @aCN@b510000 | |
| 105 | @aah z 000zy | |
| 106 | @ar | |
| 200 | 1 | @a玉荷隱語@Ayu he yin yu@f(清) 費源撰 |
| 205 | @a影印本 | |
| 210 | @a成都@c四川大学出版社@d2017 | |
| 215 | @a444页@c图, 摹真@d30cm | |
| 300 | @a附群珠集 | |
| 324 | @a据道光十一年刊聽月樓藏版影印 | |
| 330 | @a清代乾隆年间曾出版了一本图文并茂, 版式新颖的巾箱本谜书, 名叫《玉荷隐语》。它采取一页一谜的形式, 正面为谜面, 背面即为该谜谜底, 并将谜底纳于隐括底意的图画中, 可谓谜中有画, 画中有谜, 反映了古人高雅的生活情趣。 | |
| 518 | 1 | @a玉荷隐语 |
| 606 | 0 | @a谜语@Ami yu@y中国@z清代@j作品集 |
| 690 | @aI276.8@v5 | |
| 701 | 0 | @a费源,@Afei yuan@f清代@4撰 |
| 730 | 1 | @a費源@Afei yuan@4撰 |
| 801 | 2 | @aCN@b上海新华@c20191020 |
| 905 | @b1178265-6@dI276.8@e101@f2 | |
| 玉荷隱語/(清) 費源撰.-影印本.-成都:四川大学出版社,2017 |
| 444页:图, 摹真;30cm |
| 附群珠集 |
| ISBN 978-7-5690-0859-3(精装):CNY498.00 |
| 清代乾隆年间曾出版了一本图文并茂, 版式新颖的巾箱本谜书, 名叫《玉荷隐语》。它采取一页一谜的形式, 正面为谜面, 背面即为该谜谜底, 并将谜底纳于隐括底意的图画中, 可谓谜中有画, 画中有谜, 反映了古人高雅的生活情趣。 |
| ● |
| 相关链接 |
|
|
|
|
正题名:玉荷隱語
索取号:I276.8/101
 
预约/预借
| 序号 | 登录号 | 条形码 | 馆藏地/架位号 | 状态 | 备注 |
| 1 | 1178265 | 211782659 | 第一样本阅览室/ [索取号:I276.8/101] | 在馆 | |
| 2 | 1178266 | 211782668 | 第二借阅区/ [索取号:I276.8/101] | 在馆 |